[Event "1st Archibald 2019"]
[Site "Sochi"]
[Date "2019.05.14"]
[Round "3.20"]
[White "Khudyakov, Stanislav"]
[Black "Maltsevskaya, Aleksandra"]
[Result "0-1"]
[WhiteElo "2086"]
[BlackElo "2299"]
[Annotator "TA"]
[PlyCount "102"]
[EventDate "2019.05.12"]
[EventType "swiss"]
[EventCountry "RUS"]
[SourceTitle "playchess.com"]
[Source "ChessBase"]
[SourceQuality "1"]

{[%evp 9,112,23,29,27,28,27,22,22,18,20,21,30,23,19,28,0,0,0,0,0,7,0,4,0,32,-29,25,20,30,36,28,17,47,43,46,45,39,45,38,39,43,32,39,31,43,22,24,12,29,10,33,0,24,24,24,0,41,21,25,25,27,0,45,22,32,0,0,0,0,0,0,0,0,0,0,0,0,0,0,0,0,-194,-117,-125,-125,-463,-463,-437,-423,-425,-378,-383,-375,-516,-327,-316,0,-498,-320,-322,-301,-436,-446,-1068,-1056]} 1. e4 c6 2. d4 d5 3. e5 Bf5 4. Nd2 e6 5. Nb3 c5 {[%mdl 64] Decoy} (5... Nd7 6. Nf3 Ne7 7. Be2 h6 8. a4 Qc7 9. O-O g5 10. a5 O-O-O 11. Bd2 a6 12. c4 dxc4 13. Bxc4 Nd5 14. Qe2 {0-1 (38) Movsesian,S (2629)-Shankland,S (2725) chess.com INT 2019}) 6. dxc5 {B12: Caro-Kann: Advance Variation} Bxc5 7. Nxc5 Qa5+ 8. c3 {The position is equal.} Qxc5 9. Be3 Qc7 10. f4 Nc6 11. Nf3 Nge7 12. Nd4 Nxd4 $146 ({Predecessor:} 12... Be4 13. Nb5 {1-0 (31) Csirik,A (2327)-Marosi,L (1932) Miskolc 2011}) 13. Qxd4 O-O 14. Be2 Be4 15. O-O f6 16. Bg4 Bf5 17. Qc5 (17. exf6 $14 Bxg4 18. fxe7 Qxe7 19. Rfc1) 17... Qd7 (17... Qxc5 $142 18. Bxc5 Bxg4 19. Bxe7 Rfc8) 18. exf6 $11 Rxf6 19. Bf3 Rg6 20. a4 {[%cal Ba2a4,Ba4a5][%mdl 32]} Bg4 21. Qb5 Nc6 22. Bxg4 Rxg4 23. Qe2 Rg6 24. a5 a6 25. Bc5 Re8 26. b4 Rf6 27. Rae1 Qf7 28. Bd6 h5 29. Qd3 Rf5 30. h3 Rd8 31. Bc5 Re8 32. Bd6 Qg6 33. Kh2 Rd8 34. Bc5 Qf7 35. Kg1 Qf6 36. Qe3 (36. Re3 {feels hotter.} Re8 37. Qd1 Rd8 38. Qe1 Re8 39. Ref3) 36... Re8 37. Bd4 (37. Qg3 {seems wilder.} Qf7 38. Rf2 Ne7 39. Qe3 Ng6 40. Ref1) 37... Nxd4 38. cxd4 h4 39. Rc1 Rf8 40. Rc7 Rf7 41. Rxf7 Qxf7 {[%mdl 4096] Endgame KQR-KQR} 42. Qc1 Kh7 43. Qe1 Qf6 44. Qe3 g5 {[%cal Rf5f4]} 45. Qf3 $2 (45. Qd3 $11) 45... Rxf4 (45... Qxd4+ $19 46. Kh1 Kg7) 46. Qh5+ $17 {[#]} Kg7 $1 47. Rc1 $2 {[%mdl 8192]} (47. Rxf4 $17 Qxf4 48. Kh1) 47... Qxd4+ $19 {[%mdl 64] Double Attack} 48. Kh1 {[#]} Qe5 $1 49. Qe8 Rf7 50. Qd8 Qf6 51. Qe8 g4 {Played: Qf6-e7} 0-1

[Event "1st Archibald 2019"]
[Site "Sochi"]
[Date "2019.05.14"]
[Round "3.21"]
[White "Alexeev, Alexey"]
[Black "Yudkevich, Mikhail"]
[Result "1/2-1/2"]
[WhiteElo "2292"]
[BlackElo "1971"]
[Annotator "RC"]
[PlyCount "110"]
[EventDate "2019.05.12"]
[EventType "swiss"]
[EventCountry "RUS"]
[SourceTitle "playchess.com"]
[Source "ChessBase"]
[SourceQuality "1"]
[TimeControl "5400+30"]

1. e4 {[%emt 1:15:20]} e6 {[%emt 1:15:20]} 2. d4 {[%emt 0:00:20]} d5 {[%emt 0:00:20]} 3. Nd2 {[%emt 0:00:20]} Nf6 {[%emt 0:00:20]} 4. Bd3 {[%emt 0:00:20]} c5 {[%emt 0:00:20]} 5. c3 {[%emt 0:00:20]} cxd4 {[%emt 0:00:20]} 6. cxd4 {[%emt 0:00:20]} Nc6 {[%emt 0:00:31]} 7. Ngf3 {[%emt 0:00:25]} dxe4 {[%emt 0:12:24]} 8. Nxe4 {[%emt 0:00:46]} Bb4+ {[%emt 0:00:38]} 9. Nc3 {[%emt 0:00:28]} O-O {[%emt 0:00:52]} 10. O-O {[%emt 0:00:29]} b6 {[%emt 0:03:45]} 11. a3 {[%emt 0:00:39]} Be7 {[%emt 0:00:30]} 12. Re1 {[%emt 0:00:28]} Bb7 {[%emt 0:00:30]} 13. Bc2 {[%emt 0:00:27]} Ba6 {[%emt 0:00:30]} 14. Be3 {[%emt 0:11:38]} Rc8 {[%emt 0:00:30]} 15. Rc1 {[%emt 0:05:00]} Na5 {[%emt 0:00:30]} 16. Bb1 {[%emt 0:00:30]} Qd6 {[%emt 0:00:30]} 17. Ng5 {[%emt 0:00:30]} Nc4 {[%emt 0:00:30]} 18. Nce4 {[%emt 0:00:30]} Nxe4 {[%emt 0:00:30]} 19. Nxe4 {[%emt 0:00:30]} Qd7 {[%emt 0:00:30]} 20. Qd3 {[%emt 0:00:30]} g6 {[%emt 0:00:30]} 21. Bh6 {[%emt 0:00:30]} Rfd8 {[%emt 0:00:29]} 22. Rcd1 {[%emt 0:00:30]} Bb7 {[%emt 0:00:31]} 23. Bc1 {[%emt 0:00:30]} Nd6 {[%emt 0:00:30]} 24. Ng3 {[%emt 0:00:30]} Bf6 {[%emt 0:00:30]} 25. Be3 {[%emt 0:00:30]} Bd5 {[%emt 0:00:30]} 26. f3 {[%emt 0:00:30]} Bc4 {[%emt 0:00:30]} 27. Qd2 {[%emt 0:00:30]} Bb3 {[%emt 0:00:30]} 28. Bg5 {[%emt 0:00:30]} Bxg5 {[%emt 0:00:30]} 29. Qxg5 {[%emt 0:00:25]} Bxd1 {[%emt 0:00:30]} 30. Rxd1 {[%emt 0:00:35]} Ne8 {[%emt 0:00:30]} 31. Ba2 {[%emt 0:00:30]} Rc7 {[%emt 0:00:30]} 32. Ne4 {[%emt 0:00:30]} Rdc8 {[%emt 0:00:30]} 33. h4 {[%emt 0:00:30]} Qa4 {[%emt 0:00:30]} 34. Rd2 {[%emt 0:00:30]} Rc2 {[%emt 0:00:30]} 35. d5 {[%emt 0:00:30]} exd5 {[%emt 0:00:30]} 36. Qxd5 {[%emt 0:00:30]} R2c7 {[%emt 0:00:30]} 37. Qe5 {[%emt 0:00:30]} Rd7 {[%emt 0:00:30]} 38. Bb3 {[%emt 0:00:30]} Qc6 {[%emt 0:00:30]} 39. Rc2 {[%emt 0:00:30]} Qb7 {[%emt 0:00:30]} 40. Rxc8 {[%emt 0:00:30]} Qxc8 {[%emt 0:00:22]} 41. Ba4 {[%emt 0:00:30]} Qc1+ {[%emt 0:00:38]} 42. Kh2 {[%emt 0:00:30]} Qc7 {[%emt 0:00:30]} 43. Qxc7 {[%emt 0:00:30]} Rxc7 {[%emt 0:00:30]} 44. Bxe8 {[%emt 0:00:25]} Rc2 {[%emt 0:00:25]} 45. b4 {[%emt 0:00:35]} Ra2 {[%emt 0:00:35]} 46. a4 {[%emt 0:00:30]} Rb2 {[%emt 0:00:26]} 47. b5 {[%emt 0:00:30]} Rb4 {[%emt 0:00:22]} 48. Nc3 {[%emt 0:00:20]} Rxh4+ {[%emt 0:00:28]} 49. Kg3 {[%emt 0:00:24]} Rc4 {[%emt 0:00:26]} 50. Nd5 {[%emt 0:00:46]} Rxa4 {[%emt 0:00:30]} 51. Bc6 {[%emt 0:00:30]} Kg7 {[%emt 0:00:48]} 52. f4 {[%emt 0:00:30]} f5 {[%emt 0:00:30]} 53. Kf3 {[%emt 0:00:30]} Ra3+ {[%emt 0:00:29]} 54. Ne3 {[%emt 0:00:30]} a6 {[%emt 0:00:31]} 55. bxa6 {[%emt 0:00:30]} Rxa6 {[%emt 0:00:22]} 1/2-1/2

[Event "1st Archibald 2019"]
[Site "Sochi"]
[Date "2019.05.14"]
[Round "3.22"]
[White "Yandarbiev, Ruslan"]
[Black "Yakimenko, Alexander A."]
[Result "1/2-1/2"]
[WhiteElo "2279"]
[BlackElo "2059"]
[Annotator "NA RC"]
[PlyCount "129"]
[EventDate "2019.05.12"]
[EventType "swiss"]
[EventCountry "RUS"]
[SourceTitle "playchess.com"]
[Source "ChessBase"]
[SourceQuality "1"]
[TimeControl "5400+30"]

1. e4 {[%emt 1:15:20]} e6 {[%emt 1:15:20]} 2. d4 {[%emt 0:00:20]} d5 {[%emt 0:00:20]} 3. Nc3 {[%emt 0:00:20]} Bb4 {[%emt 0:00:20]} 4. e5 {[%emt 0:00:20]} c5 {[%emt 0:00:20]} 5. a3 {[%emt 0:00:20]} Bxc3+ {[%emt 0:00:20]} 6. bxc3 {[%emt 0:00:20]} Qa5 {[%emt 0:00:20]} 7. Bd2 {[%emt 0:00:20]} Qa4 {[%emt 0:00:20]} 8. Qg4 {[%emt 0:00:20]} Kf8 {[%emt 0:00:20]} 9. Nf3 {[%emt 0:00:20]} Nc6 {[%emt 0:00:20]} 10. h3 {[%emt 0:04:38]} Nge7 {[%emt 0:10:02]} 11. Be2 {[%emt 0:02:14]} Qxc2 {[%emt 0:06:19]} 12. dxc5 {[%emt 0:05:59]} Ng6 {[%emt 0:01:29]} 13. Rc1 {[%emt 0:00:33]} Qe4 {[%emt 0:00:30]} 14. Qxe4 {[%emt 0:00:29]} dxe4 {[%emt 0:00:21]} 15. Ng5 {[%emt 0:00:29]} Ncxe5 {[%emt 0:00:39]} 16. Nxe4 {[%emt 0:00:27]} Bd7 {[%emt 0:00:30]} 17. O-O {[%emt 0:01:18]} Bc6 {[%emt 0:00:30]} 18. Nd6 {[%emt 0:01:09]} Ke7 {[%emt 0:00:30]} 19. f4 {[%emt 0:04:04]} Nd7 {[%emt 0:00:30]} 20. f5 {[%emt 0:00:30]} Nge5 {[%emt 0:00:30]} 21. fxe6 {[%emt 0:00:30]} Kxe6 {[%emt 0:00:30]} 22. Nxf7 {[%emt 0:00:30]} Nxf7 {[%emt 0:00:30]} 23. Bc4+ {[%emt 0:00:30]} Bd5 {[%emt 0:00:30]} 24. Bxd5+ {[%emt 0:00:30]} Kxd5 {[%emt 0:00:24]} 25. Rxf7 {[%emt 0:00:26]} Nxc5 {[%emt 0:00:36]} 26. Rxg7 {[%emt 0:00:34]} Rag8 {[%emt 0:00:30]} 27. c4+ {[%emt 0:00:30]} Ke4 {[%emt 0:00:30]} 28. Re7+ {[%emt 0:00:30]} Kd3 {[%emt 0:00:29]} 29. Bb4 {[%emt 0:00:30]} b6 {[%emt 0:00:31]} 30. Bxc5 {[%emt 0:00:30]} bxc5 {[%emt 0:00:28]} 31. Rd7+ {[%emt 0:00:24]} Ke2 {[%emt 0:00:32]} 32. Rc2+ {[%emt 0:00:36]} Ke3 {[%emt 0:00:30]} 33. Rc3+ {[%emt 0:00:30]} Ke2 {[%emt 0:00:30]} 34. Rf3 {[%emt 0:00:30]} h5 {[%emt 0:00:30]} 35. Rf5 {[%emt 0:00:30]} Rg3 {[%emt 0:00:30]} 36. Re5+ {[%emt 0:00:30]} Re3 {[%emt 0:00:29]} 37. Rde7 {[%emt 0:00:25]} Rxe5 {[%emt 0:00:31]} 38. Rxe5+ {[%emt 0:00:35]} Kd3 {[%emt 0:00:22]} 39. Rxc5 {[%emt 0:00:27]} h4 {[%emt 0:00:38]} 40. Rc7 {[%emt 0:00:33]} a5 {[%emt 0:00:30]} 41. c5 {[%emt 0:00:30]} Kc4 {[%emt 0:00:30]} 42. Rg7 {[%emt 0:00:30]} Kxc5 {[%emt 0:00:30]} 43. Rg5+ {[%emt 0:00:27]} Kb6 {[%emt 0:00:30]} 44. a4 {[%emt 0:00:33]} Rf8 {[%emt 0:00:30]} 45. Rg4 {[%emt 0:00:26]} Rh8 {[%emt 0:00:27]} 46. Kf2 {[%emt 0:00:29]} Kc5 {[%emt 0:00:32]} 47. Ke3 {[%emt 0:00:35]} Rh7 {[%emt 0:00:31]} 48. Kf4 {[%emt 0:00:30]} Rh5 {[%emt 0:00:30]} 49. Rg5+ {[%emt 0:00:30]} Rxg5 {[%emt 0:00:27]} 50. Kxg5 {[%emt 0:00:23]} Kb4 {[%emt 0:00:30]} 51. Kxh4 {[%emt 0:00:22]} Kxa4 {[%emt 0:00:31]} 52. g4 {[%emt 0:00:45]} Kb4 {[%emt 0:00:32]} 53. g5 {[%emt 0:00:28]} a4 {[%emt 0:00:30]} 54. g6 {[%emt 0:00:25]} a3 {[%emt 0:00:24]} 55. g7 {[%emt 0:00:26]} a2 {[%emt 0:00:24]} 56. g8=Q {[%emt 0:00:27]} a1=Q {[%emt 0:00:27]} 57. Qg5 {[%emt 0:00:44]} Qf1 {[%emt 0:00:45]} 58. Qg4+ {[%emt 0:00:30]} Kc5 {[%emt 0:00:30]} 59. Kg5 {[%emt 0:00:30]} Kd6 {[%emt 0:00:30]} 60. h4 {[%emt 0:00:30]} Ke7 {[%emt 0:00:30]} 61. Qe4+ {[%emt 0:00:30]} Kf8 {[%emt 0:00:30]} 62. Qa8+ {[%emt 0:00:30]} Kg7 {[%emt 0:00:30]} 63. Qa7+ {[%emt 0:00:30]} Qf7 {[%emt 0:00:30]} 64. Qd4+ {[%emt 0:00:30]} Kg8 {[%emt 0:00:30]} 65. h5 {[%emt 0:00:30]} 1/2-1/2

[Event "1st Archibald 2019"]
[Site "Sochi"]
[Date "2019.05.14"]
[Round "4.1"]
[White "Alekseev, Evgeny"]
[Black "Kovalenko, Igor"]
[Result "1-0"]
[WhiteElo "2647"]
[BlackElo "2663"]
[Annotator "TA"]
[PlyCount "105"]
[EventDate "2019.05.12"]
[EventType "swiss"]
[EventCountry "RUS"]
[SourceTitle "playchess.com"]
[Source "ChessBase"]
[SourceQuality "1"]

{[%evp 10,105,31,20,34,41,30,30,45,53,64,30,29,27,30,19,23,23,31,20,38,31,27,30,39,45,42,40,50,50,42,38,40,40,60,62,54,55,72,69,92,77,68,69,81,81,133,135,122,132,179,168,180,81,105,64,77,72,66,58,58,41,87,25,50,60,287,284,341,326,423,262,211,262,256,196,210,204,554,536,500,521,497,483,639,639,904,898,863,849,772,660,1135,985,1046,1033,868,724]} 1. e4 c6 2. d4 d5 3. exd5 cxd5 4. Bd3 Nc6 5. c3 Nf6 6. h3 Ne4 {B13: Caro-Kann: Exchange Variation and Panov-Botvinnik Attack} (6... g6 7. Nf3 Bf5 8. Be2 Bg7 9. O-O O-O 10. Bf4 Ne4 11. Nbd2 Re8 12. Re1 h6 13. Bf1 g5 14. Bh2 Qd7 15. Nxe4 Bxe4 {1-0 (35) Caruana,F (2828)-Shankland,S (2725) chess.com INT 2019}) 7. Nd2 Nd6 8. Qf3 $146 ({Predecessor:} 8. Qh5 e6 9. Qe2 g6 10. Ngf3 Bg7 11. O-O O-O 12. Re1 f5 13. b4 a6 14. a4 {1-0 (58) Idani,P (2417)-Lorparizangeneh,S (2169) Esfahan 2011}) 8... e5 {White has an edge.} 9. dxe5 Nxe5 10. Qe2 Qe7 11. Bc2 Bf5 12. Bxf5 Nxf5 13. Ngf3 Nd3+ 14. Kf1 Qxe2+ 15. Kxe2 Nf4+ {[%mdl 64] Double Attack} 16. Kf1 $1 Be7 17. Nb3 Ne6 18. g4 Nd6 19. Kg2 O-O-O 20. Rd1 Nc4 21. Nbd4 Bc5 22. b3 Nd6 23. Be3 {aiming for Nxe6.} Bb6 24. a4 {[%cal Ba2a4,Ba4a5][%mdl 32]} h5 25. a5 Bxd4 26. Nxd4 hxg4 27. hxg4 Rh4 ({Black should try} 27... Nc7) 28. Nxe6 fxe6 29. f3 Rdh8 {With the idea ...Rh2+.} 30. Bf4 Nf5 {[#]} 31. Rd3 ({Don't play} 31. gxf5 $6 Rxf4 32. fxe6 Rf6 $16) (31. Re1 $1 $18 {and White stays clearly on top.}) 31... R8h7 32. Re1 g5 $1 {[%cal Rg5f4] [#]} 33. Be5 $1 $36 {[%mdl 2048] White is on the roll.} ({Much weaker is} 33. gxf5 $6 gxf4 34. fxe6 Rh2+ 35. Kf1 R7h6 $11) ({Reject} 33. Bxg5 Rh2+ 34. Kf1 Ng3+ 35. Kg1 Ne2+ 36. Kf1 Ng3+ 37. Kg1 Ne2+ 38. Kf1 Ng3+ $11) 33... Ne7 34. Bg3 R4h6 35. c4 a6 36. Kf2 (36. Rc1 $16) 36... Kd7 37. Rdd1 Ke8 $2 (37... Rg7 $14) 38. cxd5 $18 exd5 39. Rxd5 Rh1 40. Rxh1 Rxh1 41. Rxg5 {[%mdl 4096] Endgame KRB-KRN} Rb1 42. Bd6 {Hoping for Re5.} Nc6 43. b4 Nd4 $2 (43... Nxb4 {is tougher.} 44. Bxb4 Rxb4) 44. Bc5 {White is clearly winning.} Rb2+ 45. Kg3 Ne2+ 46. Kh4 Kf7 47. Re5 Kg6 48. Re6+ Kf7 49. Re7+ Kf6 50. Rxb7 Rb3 51. Rb8 Ra3 52. Re8 Nc1 53. Re1 {Accuracy: White = 72%, Black = 31%.} 1-0

[Event "1st Archibald 2019"]
[Site "Sochi"]
[Date "2019.05.14"]
[Round "4.2"]
[White "Stupak, Kirill"]
[Black "Esipenko, Andrey"]
[Result "1-0"]
[WhiteElo "2551"]
[BlackElo "2620"]
[Annotator "TA"]
[PlyCount "129"]
[EventDate "2019.05.12"]
[EventType "swiss"]
[EventCountry "RUS"]
[SourceTitle "playchess.com"]
[Source "ChessBase"]
[SourceQuality "1"]

{[%evp 19,129,16,27,14,36,40,22,0,8,0,0,0,6,12,21,0,65,68,60,62,68,62,60,64,60,39,34,16,16,12,25,33,47,37,36,38,27,16,66,63,63,61,61,61,82,87,95,94,88,89,83,83,132,116,123,103,154,162,166,158,166,166,153,156,179,177,204,198,196,198,206,200,290,227,338,338,338,338,338,338,289,276,478,478,471,444,1529,1390,1032,1029,2373,1893,6287,5289,6095,5393,1722,1483,6295,6270,6265,6133,6219,5898,6079,5397,6118,6111,29975,29977,29977,29978]} 1. d4 Nf6 2. c4 g6 3. g3 Bg7 4. Bg2 d5 5. Nf3 O-O 6. O-O dxc4 7. Na3 c3 8. bxc3 c5 9. e3 Nc6 10. Qe2 Bf5 11. Rd1 {D77: Fianchetto Grünfeld: 6 0-0: Replies other than 6...c6} Qa5 12. Bb2 Rfd8 13. h3 {The position is equal.} Be4 14. Bf1 cxd4 $146 ({Predecessor:} 14... a6 15. Nc4 Qc7 16. Ncd2 b5 17. Ng5 Bc2 18. Rdc1 Ba4 {1-0 (32) Granda Zuniga,J (2615)-Rodriguez Lapetra,P (2105) Las Palmas 2011}) 15. cxd4 Nb4 16. Nc4 Qa6 17. Ng5 h6 (17... Bd5 $11) 18. Nxe4 $14 Nxe4 19. Qf3 Qe6 20. Nd2 Nxd2 21. Rxd2 Qd7 22. Bg2 Nd5 23. Rc2 e6 24. Qe2 Rac8 25. Rac1 Nb6 26. Ba3 Bf8 27. Bxf8 Rxf8 28. Rc5 Rxc5 29. dxc5 Rc8 30. Rd1 $36 {[%mdl 2048] Black is under pressure.} Nd5 31. Qb2 $1 {e4 is the strong threat.} Qa4 ({But not} 31... Rxc5 $2 32. e4 $18) 32. Rd4 $1 {[%cal Rd4a4]} Qc6 33. Qb3 $1 Qxc5 34. Bxd5 exd5 35. Qxb7 $16 {[%mdl 4096] Endgame KQR-KQR} Rd8 36. Kg2 Qb6 37. Qe7 Kg7 (37... a6 $142) 38. Rf4 Rf8 39. Qe5+ f6 40. Qxd5 Rd8 41. Qf3 Rd7 42. h4 h5 43. Rc4 Rc7 44. Rd4 Re7 45. Qa8 Qb2 (45... a6 {was worth a try.} 46. a4 Ra7) 46. a4 $18 {[%cal Ba2a4,Ba4a5,Ba5a6][%mdl 32]} Qa2 (46... Qb7+ {keeps fighting.} 47. Qxb7 Rxb7) 47. Qc6 Qf7 48. a5 Rc7 49. Qd6 Re7 50. a6 Qe8 $2 (50... Re6 {is a better defense.} 51. Qa3 Re7) 51. Rb4 Rf7 52. Qd5 Kh6 (52... Qe5 $142 53. e4 Re7) 53. Rb7 Re7 54. Kh2 Qa8 55. Qc6 f5 56. Qb5 Qd8 57. Rxe7 Qxe7 {KQ-KQ} 58. Qb8 Kg7 59. Qb7 Kf6 60. Qxe7+ Kxe7 61. f3 Kd6 62. Kg2 Kc5 {[#]} 63. e4 $1 {[%cal Re4f5]} Kd4 64. exf5 gxf5 {[#]} 65. g4 $1 {[%mdl 512] Accuracy: White = 76%, Black = 38%.} 1-0

[Event "1st Archibald 2019"]
[Site "Sochi"]
[Date "2019.05.14"]
[Round "4.3"]
[White "Gareyev, Timur"]
[Black "Aleksandrov, Aleksej"]
[Result "1/2-1/2"]
[WhiteElo "2570"]
[BlackElo "2603"]
[Annotator "TA"]
[PlyCount "76"]
[EventDate "2019.05.12"]
[EventType "swiss"]
[EventCountry "RUS"]
[SourceTitle "playchess.com"]
[Source "ChessBase"]
[SourceQuality "1"]

{[%evp 9,76,12,12,1,17,2,32,16,11,14,20,6,24,27,55,41,32,4,16,10,8,0,0,-11,5,-15,7,5,13,10,4,0,0,-53,-63,-77,-58,-60,-60,-53,-22,-32,0,0,0,0,0,0,0,0,291,0,0,0,0,0,0,0,0,0,0,0,0,0,0,0,0,0,0]} 1. c4 e6 2. Nf3 Nf6 3. b3 Be7 4. Bb2 O-O 5. e3 b6 6. Nc3 {A13: English Opening: 1...e6} (6. Rg1 d5 7. g4 c5 8. g5 Ne4 9. d3 Nd6 10. h4 Nc6 11. Nbd2 {1-0 (29) Mamedyarov,S (2801)-Karjakin,S (2773) Saint Louis 2018}) 6... Bb7 7. d4 Ne4 8. Bd3 {White is slightly better.} f5 9. O-O c5 10. Nd2 $146 {[%cal Rc3e4]} ({Predecessor:} 10. Qe2 Bf6 11. Rad1 Qe7 12. Bb1 g6 13. Nb5 d5 14. Ne5 a6 15. Nc3 Nxc3 16. Bxc3 Bxe5 17. dxe5 {1-0 (31) Gusarchuk,A (2330)-Kononenko,A (2321) Anapa 2007}) 10... d5 11. cxd5 exd5 12. Ne2 Bd6 13. Nf3 Nd7 14. Nf4 Qe7 15. Bb5 Ndf6 $1 16. Ne5 Rac8 17. Qe2 Rc7 18. Rad1 Rfc8 {...cxd4 is the strong threat.} 19. Bd3 g6 20. f3 Ng5 21. Qf2 (21. Rfe1 $11) 21... c4 $1 $15 {[%cal Rc4d3]} 22. bxc4 dxc4 23. Bc2 Nd5 24. Nxd5 Bxd5 25. Bc3 Bxe5 26. dxe5 {[#]} Bxf3 $1 {[%mdl 512]} 27. Rd6 (27. gxf3 Nh3+) 27... Be4 28. h4 Bxc2 29. hxg5 Bd3 $2 {[%mdl 8192] [#]} (29... Be4 $1 $11 {and Black is okay.}) 30. Qf3 $2 (30. Qf4 $1 $18) 30... Rc5 {The position is equal.} (30... Bxf1 31. Qd5+ Kg7 32. e6+ Kf8 33. Kxf1 $18) 31. Qf4 {Hoping for e6!} Bxf1 32. e6 {White threatens Qd4 and mate.} Qb7 $1 {[%csl Gf1][%cal Rb7g2]} 33. Qxf1 {White wants to mate with Qd1.} Qe4 34. Qd1 $1 Qxe3+ 35. Kh1 {Rd8+ would kill now.} Re8 ({Worse is} 35... Qxc3 36. Rd8+ Rxd8 37. Qxd8+ Kg7 38. Qe7+ Kg8 39. Qf7+ Kh8 40. Qf8#) ({Don't blunder} 35... Qxg5 $2 36. Qd4 $18) 36. Rd8 $1 {[%cal Rd8e8]} Rc8 {[#]} 37. Qd7 $1 {[%cal Rd7e8][%mdl 512]} Qc1+ 38. Kh2 $1 {[%cal Rd7e8]} Qf4+ {Accuracy: White = 44%, Black = 61%.} 1/2-1/2

[Event "1st Archibald 2019"]
[Site "Sochi"]
[Date "2019.05.14"]
[Round "4.4"]
[White "Volkov, Sergey"]
[Black "Kotsur, Pavel"]
[Result "0-1"]
[WhiteElo "2572"]
[BlackElo "2527"]
[Annotator "TA"]
[PlyCount "96"]
[EventDate "2019.05.12"]
[EventType "swiss"]
[EventCountry "RUS"]
[SourceTitle "playchess.com"]
[Source "ChessBase"]
[SourceQuality "1"]

{[%evp 10,118,-4,15,18,0,0,0,0,0,0,-39,-39,-38,-30,-68,-22,-26,-23,-31,-8,-31,-9,-18,0,0,0,0,0,0,0,0,0,-5,-5,-2,-2,-10,-10,-15,-7,-29,-26,-116,-113,-116,-116,-132,-140,-146,-137,-193,-104,-152,-151,-148,-157,-143,-42,-54,-49,-243,-241,-224,-229,-275,-267,-401,-391,-483,-479,-547,-547,-547,-542,-1851,-1617,-1212,-1132,-29973,-29975,-29973,-29973,-29963,-29967,-2453,-4622,-4614,-4614,-2745,-1599,-2368,-1591,-1188,-893,-29981,-29982,-29982,-29982,-29985,-29981,-29981,-29982,-29982,-29983,-29983,-29984,-29984,-29985,-29985,-29986]} 1. d4 Nf6 2. c4 e6 3. Nc3 Bb4 4. f3 c5 5. d5 d6 6. e4 b5 {E20: Nimzo-Indian: 4 g3 and 4 f3} 7. dxe6 (7. Nge2 bxc4 8. Nf4 Bxc3+ 9. bxc3 e5 10. Ne2 Nh5 11. h4 Nd7 12. g4 Qf6 13. Kf2 Nf4 14. Nxf4 exf4 {0-1 (36) Kravtsiv,M (2644)-Moiseenko,A (2640) Kiev 2018}) 7... Bxe6 8. Bf4 O-O {The position is equal.} 9. Bxd6 Re8 10. a3 $146 ({Predecessor:} 10. Nge2 Bxc4 11. a3 Bxc3+ 12. Nxc3 Bxf1 13. Kxf1 Qb6 14. e5 {1-0 (26) Liu,Z (2165)-Li,Y (2435) Qinhuangdao 2018}) 10... Bxc3+ $1 11. bxc3 Qa5 12. Bxc5 Qxc3+ (12... bxc4 $5 {[%cal Ra5c5]} 13. Bb4 Qb6 $14) 13. Kf2 bxc4 14. Ne2 Qa5 15. Bb4 Qb6+ 16. Qd4 $1 {[%cal Rd4b6] With the idea Qxb6.} Nc6 17. Qxb6 axb6 18. Bc3 Nd7 19. Nd4 Nxd4 20. Bxd4 Rec8 $36 {[%mdl 2048] Black fights for an advantage.} 21. Be2 Nc5 22. Bxc5 Rxc5 23. Rhb1 b5 24. Ke3 Bd7 25. Kd4 Rc7 26. Kc3 (26. Rb4 $11) 26... Rca7 $17 27. Kb2 Kf8 28. Rc1 Be6 29. f4 f6 30. e5 {[#]} (30. f5 $17 Bd7 31. Rd1) 30... fxe5 (30... b4 $1 $19 {[%mdl 512] Hoping for ...c3+.} 31. Bxc4 (31. axb4 c3+) 31... bxa3+ 32. Rxa3 Rxa3 33. Bxe6 fxe5 34. fxe5 R3a5) 31. Bf3 Rd8 ({Inferior is} 31... exf4 32. Bxa8 Rxa8 33. Rf1 $14) 32. fxe5 {[#]} Rd3 $1 33. Rc3 Rxc3 (33... Rd2+ $17 34. Kc1 Rf2) 34. Kxc3 {[%mdl 4096] Endgame KRB-KRB} Ra4 35. Kb2 $2 {[#]} (35. Re1 $15) 35... b4 $1 $19 36. Be2 {intending Rf1+.} Ke7 37. g3 Ra8 38. Bf1 (38. Bh5 $142) 38... Ra5 39. h4 h6 40. g4 g5 41. hxg5 hxg5 42. a4 c3+ 43. Kc2 Rc5 {( -> ...b3+)} 44. Re1 b3+ 45. Kc1 Bxg4 46. Bd3 c2 47. Rh1 Rd5 (47... Bf3 $142 48. Rh7+ Ke6 49. Rh6+ Kxe5) 48. Rh7+ {[#]} Ke8 {Played: Ke7-d8} 0-1

[Event "1st Archibald 2019"]
[Site "Sochi"]
[Date "2019.05.14"]
[Round "4.5"]
[White "Rakhmanov, Aleksandr"]
[Black "Lugovskoy, Maxim"]
[Result "1-0"]
[WhiteElo "2629"]
[BlackElo "2445"]
[Annotator "TA"]
[PlyCount "71"]
[EventDate "2019.05.12"]
[EventType "swiss"]
[EventCountry "RUS"]
[SourceTitle "playchess.com"]
[Source "ChessBase"]
[SourceQuality "1"]

{[%evp 10,71,42,25,29,-4,-8,3,20,14,16,0,0,0,0,0,12,15,3,0,7,0,0,0,0,0,0,0,0,0,0,0,9,8,8,6,0,0,2,0,0,0,47,45,45,41,154,139,134,133,144,137,152,147,818,815,4914,4914,3341,2829,29978,29980,5808,5800]} 1. d4 d5 2. Nf3 Nf6 3. e3 g6 4. c4 Bg7 5. Nc3 c6 6. h3 O-O {D94: Grünfeld: 4 Nf3 Bg7 5 e3} 7. Qb3 (7. Be2 dxc4 8. Bxc4 c5 9. d5 a6 10. a4 Nbd7 11. e4 Ne8 12. O-O Nd6 13. Bd3 Re8 14. Bf4 e5 15. dxe6 Rxe6 16. Re1 {1-0 (37) Mamedyarov,S (2801)-Giri,A (2782) chess.com INT 2018}) 7... e6 8. Be2 Nbd7 {The position is equal.} 9. O-O Ne4 10. Nxe4 dxe4 11. Nd2 f5 12. c5 Kh8 $146 ({Predecessor:} 12... Nf6 13. Nc4 Nd5 14. Bd2 {0-1 (34) Chuvakov,N (1815)-Gugnin,R (2088) St Petersburg 2006}) 13. Nc4 e5 14. Nd6 Qe7 15. Nxc8 Rfxc8 16. Qxb7 Rab8 17. Qxa7 Ra8 18. Qb7 Rab8 19. Qa7 Ra8 20. Qb7 Rab8 21. Qa6 exd4 22. exd4 Bxd4 {[%mdl 64] [#] Double Attack} 23. Rd1 Be5 24. Be3 Nf6 ({Not} 24... Bxb2 $2 25. Rab1 $18) 25. Bg5 h6 26. Bxf6+ Qxf6 27. Rd7 {Hoping for Qa7.} Bc7 (27... Rc7 $14 28. Rad1 e3 29. Rxc7 (29. fxe3 Rxd7 30. Rxd7 Qg5 $14) 29... exf2+ 30. Kxf2 Bxc7) 28. Rad1 Qe5 {( -> ...Qh2+)} 29. g3 $36 {[%mdl 2048] White is on the roll.} Qxc5 30. b4 $1 {[%cal Rb4c5]} Qc3 31. Rf7 {Intending Rdd7 and mate.} Ra8 $2 {[%mdl 8192] [#]} (31... Bb6 $16 32. Kg2 Bd4) 32. Rxc7 $1 $18 {[%mdl 512]} Rxa6 (32... Rxc7 33. Qxa8+) 33. Rxc8+ Kg7 34. Bxa6 e3 35. Rc7+ Kf6 36. f4 {Accuracy: White = 78%, Black = 56%.} 1-0